000 00556nam a22001817a 4500
999 _c181478
_d181478
005 20210915150751.0
010 _aENG-129924
020 _a978-93-86720-24-5
_c499.00
035 _aEN-113456
037 _bDBAD/PUB
082 _a350
245 _aIAS Mains public Administration:
_cedited by Vicky Yadav
260 _bRathore
_aIndia
_c2019
270 _bGhaziabad
_e201010
_aBasement,260,Shaktikhand-III Indirapuram
_mrathorepublishers@gmail.com
300 _av.p.
_c25cm(hbk)
700 _a Yadav,Vicky
942 _2ddc
_cEN
_h350
_mIAS